Every Pop-Tart Flavor - Statistics

General Stats
  • This quiz has been taken 39 times
  • The average score is 9 of 22
Answer Stats
Hint Flavor % Correct
Fruit Strawberry
97%
Fruit Blueberry
90%
Fruit Cherry
73%
Dessert S'mores
67%
Fruit Raspberry
60%
Fruit Grape
57%
Dessert Ingredient Chocolate Chip
50%
Spice Brown Sugar Cinnamon
43%
Dessert Hot Fudge Sundae
40%
Fruit(s) Wildlicious Wild Berry
40%
Combination Cookies & Creme
37%
Drink Strawberry Milkshake
37%
Dessert Chocolate Fudge
33%
Baked Good Cinnamon Roll
27%
Baked Good Banana Bread
23%
Dessert Confetti Cupcake
23%
Collaboration Apple Cinnamon Apple Jacks
20%
Dessert Boston Creme Donut
17%
Baked Good No-Chill Sugar Cookie
13%
Dessert Snickerdoodle
13%
Baked Good Chocolatey Chip Pancake
10%
Baked Good Lemon Blueberry Crumble
10%
No matching quizzes found
Score Distribution
Percent of People with Each Score
Percentile by Number Answered
Your Score History
You have not taken this quiz